UM Logo

Creative reading and literature with a small '1'/ (Record no. 3230)

MARC details
000 -LEADER
fixed length control field 00613nam a22001817a 4500
008 - FIXED-LENGTH DATA ELEMENTS--GENERAL INFORMATION
fixed length control field 160702b xxu||||| |||| 00| 0 eng d
020 ## - INTERNATIONAL STANDARD BOOK NUMBER
International Standard Book Number 9789712719356
082 ## - DEWEY DECIMAL CLASSIFICATION NUMBER
Edition number 2008
Classification number DC428.007
Item number M25c
100 ## - MAIN ENTRY--PERSONAL NAME
9 (RLIN) 10800
Personal name McRae, John
245 ## - TITLE STATEMENT
Title Creative reading and literature with a small '1'/
Statement of responsibility, etc. John McRae.
260 ## - PUBLICATION, DISTRIBUTION, ETC. (IMPRINT)
Place of publication, distribution, etc. London:
Name of publisher, distributor, etc. MacMillan Pub., Ltd.,
Date of publication, distribution, etc. c2008.
300 ## - PHYSICAL DESCRIPTION
Extent vii, 190 pages;
Dimensions 22 cm.
500 ## - GENERAL NOTE
General note Includes bibliographical references and index.
650 #0 - SUBJECT ADDED ENTRY--TOPICAL TERM
9 (RLIN) 10801
Topical term or geographic name as entry element English language
Form subdivision Study and teaching
650 #0 - SUBJECT ADDED ENTRY--TOPICAL TERM
9 (RLIN) 10802
Topical term or geographic name as entry element Literature
Form subdivision Study and teaching
365 ## - TRADE PRICE
Price type code Php
Price amount 325.00
942 ## - ADDED ENTRY ELEMENTS (KOHA)
Source of classification or shelving scheme Dewey Decimal Classification
Koha item type Circulation
Holdings
Withdrawn status Lost status Source of classification or shelving scheme Damaged status Not for loan Collection code Home library Current library Date acquired Source of acquisition Total Checkouts Full call number Barcode Date last seen Price effective from Koha item type
    Dewey Decimal Classification     Circulation UM Digos College - LIC UM Digos College - LIC 10/24/2000 Purchased   DC428.007 M25c 2008 19855 05/15/2025 07/02/2016 Circulation